[Event "Tuimazy-ch U14"]
[Site "Tuimazy"]
[Date "2016.03.04"]
[Round "7"]
[White "Lutfullin, Artur"]
[Black "Mindiyarov, Rasul"]
[Result "0-1"]
[WhiteElo "1032"]
[BlackElo "1070"]
[PlyCount "98"]
[EventDate "2016.03.01"]
[EventType "tourn"]
[EventRounds "15"]
[EventCountry "RUS"]
[SourceTitle "EXT 2022"]
[Source "ChessBase"]
[SourceDate "2021.10.06"]
[SourceVersion "1"]
[SourceVersionDate "2021.10.06"]
[SourceQuality "1"]

1. e4 e5 2. Nf3 Nc6 3. Bb5 Nf6 4. Bxc6 dxc6 5. d3 Bg4 6. Bg5 Be7 7. h3 Bxf3 8. Qxf3 0-0 9. Bxf6 Bxf6 10. 0-0 Qd7 11. c4 Rad8 12. Rd1 b5 13. cxb5 cxb5 14. b4 Qd4 15. Nd2 Qxb4 16. Rac1 Rc8 17. Qe3 Rfd8 18. Qxa7 Rd7 19. Qb7 Rdd8 20. Rxc7 Rxc7 21. Qxc7 Rxd3 22. Qc6 g6 23. Qe8+ Kg7 24. Rc1 Rxd2 25. Rc8 Rxa2 26. Qh8+ Kh6 27. Qxf6 Qe1+ 28. Kh2 Qxf2 29. Qxf2 Rxf2 30. Rc5 b4 31. Ra5 f6 32. Kg3 Rb2 33. Ra6 Kg7 34. Ra7+ Kf8 35. Ra6 Ke7 36. Ra7+ Kd6 37. Ra6+ Ke7 38. Ra7+ Kd6 39. Ra6+ Kc5 40. Rxf6 Kd4 41. Kf3 Rb3+ 42. Ke2 Kxe4 43. Rc6 Rb2+ 44. Rc2 Rxc2+ 45. Kd1 Rxg2 46. Kc1 Kd3 47. Kb1 Kc3 48. Ka1 Kb3 49. Kb1 Rg1# 0-1

[Event "Tuimazy-ch U14"]
[Site "Tuimazy"]
[Date "2016.03.04"]
[Round "8"]
[White "Makhmutov, Azamat"]
[Black "Lutfullin, Artur"]
[Result "1-0"]
[WhiteElo "1404"]
[BlackElo "1032"]
[PlyCount "118"]
[EventDate "2016.03.01"]
[EventType "tourn"]
[EventRounds "15"]
[EventCountry "RUS"]
[SourceTitle "EXT 2022"]
[Source "ChessBase"]
[SourceDate "2021.10.06"]
[SourceVersion "1"]
[SourceVersionDate "2021.10.06"]
[SourceQuality "1"]

1. d4 d5 2. c4 Nf6 3. cxd5 Qxd5 4. Nc3 Qf5 5. f3 e6 6. e4 Qa5 7. Bd2 Bb4 8. Nge2 Bxc3 9. Nxc3 Qb6 10. Bc1 0-0 11. Be2 Nc6 12. d5 Ne7 13. dxe6 Bxe6 14. Qd2 h6 15. Qe3 Qxe3 16. Bxe3 b6 17. 0-0 c5 18. Bf4 Nh5 19. Bd6 Rfe8 20. Bxe7 Rxe7 21. e5 Nf4 22. Rad1 Nxe2+ 23. Nxe2 Bc4 24. Rfe1 Bxe2 25. Rxe2 a5 26. f4 f6 27. Rde1 fxe5 28. Rxe5 Rxe5 29. Rxe5 Rc8 30. Re6 b5 31. Rb6 b4 32. b3 c4 33. bxc4 Rxc4 34. Re6 a4 35. g3 b3 36. axb3 axb3 37. Rb6 Rc3 38. Kf1 Rc1+ 39. Ke2 Rc2+ 40. Kd3 Rxh2 41. Rxb3 Rh3 42. Ke4 g5 43. f5 h5 44. Rb8+ Kf7 45. Rh8 Kg7 46. Ra8 h4 47. gxh4 gxh4 48. Kf4 Rg3 49. Ra2 Rg1 50. Ra3 Rh1 51. Kg4 Rf1 52. Ra5 Kf6 53. Rb5 Rf2 54. Rb3 Rxf5 55. Rb6+ Ke5 56. Rb5+ Kf6 57. Rxf5+ Kg6 58. Rh5 h3 59. Rxh3 Kf6 1-0